Rozwój Morza Bałtyckiego - Statystyki

Ogólne statystyki
  • Ten quiz został rozwiązany 20 razy
  • Średni wynik to 3 z 5
Statystyki odpowiedzi
Hint Odpowiedź % Poprawnych
4 tys. lat temu - obecnie Morze Mya
88%
12-10 tys. lat temu Bałtyckie Jezioro Lodowe
75%
9-8 tys. lat temu Jezioro Ancylusowe
63%
8-4 tys. lat temu Morze Litorynowe
50%
10-9 tys. lat temu Morze Yoldiowe
38%
Nie znaleziono quizów pasujących do podanych kryteriów
Rozkład punktacji
Procent ludzi z każdym wynikiem
Percentyl według liczby udzielonych odpowiedzi
Twoja historia wyników
Nie rozwiązałeś tego quizu